Tie naše ženy! Fejtón

Bibliographic Details
Main Author: Dzoba, Ján (Author)
Format: Article
Language:Slovak
PhysicalDescription:Magazín VN, č. 10, s. /8/.
Subjects:

MARC

LEADER 00000nab a2200000 a 4500
001 vtls000243032
003 SK-MaSNL
005 20260302211835.0
008 111130c1986 xo 0 slo
015 |a SNBRB19rr/mm-uuuuu 
035 |a CL0253146 
040 |a SNKBUCL  |b slo  |c SNKBUCL  |e AACR2 
041 0 |a slo 
044 |a xo  |c SK 
080 |a 885.4-7  |2 1981 
100 1 |a Dzoba, Ján  |4 aut  |9 930679 
245 1 0 |a Tie naše ženy!  |b Fejtón  |c Ján Dzoba 
300 |b Magazín VN, č. 10, s. /8/. 
650 0 7 |a fejtóny humoristické  |2 snkbucl  |9 900451 
655 7 |a články z novín a časopisov  |2 snkbucl  |9 267496 
655 7 |a články z odboru literárna veda a krásna literatúra  |2 snkbucl  |9 770045 
773 0 |t Východoslovenské noviny  |g Roč. 35, č. 56 (7. 3. 1986) 
850 |a Slovenská národná knižnica v Martine  |a MTA001 
852 |a SNK  |b KIS3GCP 
958 |a RK 
958 |a LX 
992 |a RBX 
999 |c 1486613  |d 1488543